00749nam a22002297a 4500001000500000005001700005008004100022020001800063040002900081050001400110082001100124100001800135245003400153260005500187300003400242505000600276520017100282521002700453521001800480650001200498650000900510121420230808140943.0230808b cb ||||| |||| 00| 0 eng d a9781846433788 aFISKHbengcFISKHdFISKH aPZ7.K9483 a612.84 aKubler, Annie aWhat can I see?cAnnie Kubler aSwindon :bChild's Play International Ltd.,c2011. a10 unnumbered pages :c12 cm. aD aBrilliant board books for toddlers based around senses. Exploring the concept of touch, this title features familiar scenes and fun words to encourage lively chatter. a200 bLexile estimate aD bRaz-Plus 2eyesite 2eyes